Caracterización y propuesta para el tratamiento y disposición de los lodos generados en el modelo físico de la Planta de Tratamiento de Aguas Residuales de El Roble de Puntarenas
Furkejuvvon:
| Váldodahkki: | |
|---|---|
| Materiálatiipa: | Girji |
| Giella: | Spanish |
| Almmustuhtton: |
[San José ], Costa Rica
2018
|
| Fáttát: | |
| Fáddágilkorat: |
Lasit fáddágilkoriid
Eai fáddágilkorat, Lasit vuosttaš fáddágilkora!
|
MARC
| LEADER | 00000nam a22000007a 4500 | ||
|---|---|---|---|
| 003 | 012923 | ||
| 005 | 20221231144349.0 | ||
| 008 | 180912b2018 cr a|||| |m|| 00| ||spa d | ||
| 040 | |c cru CEDI | ||
| 090 | |a TFG 8075 | ||
| 100 | |9 13850 |a Chaves Vargas, Verónica | ||
| 245 | |a Caracterización y propuesta para el tratamiento y disposición de los lodos generados en el modelo físico de la Planta de Tratamiento de Aguas Residuales de El Roble de Puntarenas | ||
| 260 | |a [San José ], Costa Rica |c 2018 | ||
| 300 | |a xi, 96 hojas :ilustraciones a color | ||
| 500 | |a Proyecto de graduación (licenciatura en ingeniería civil)--Universidad de Costa Rica. Facultad de Ingeniería. Escuela de Ingeniería Civil | ||
| 501 | |a Directora del Proyecto: Ing. Paola Vidal Rivera | ||
| 650 | |x LODOS RESIDUALES |x TRATAMIENTO DE LODOS |x PLANTAS PARA TRATAMIENTO DE AGUAS RESIDUALES |x TRATAMIENTO DE LODOS - EL ROBLE (PUNTARENAS, COSTA RICA) |x DISPOSICION DE AGUAS RESIDUALES |x PLANTAS PARA TRATAMIENTO DE AGUA - EL ROBLE (PUNTARENAS, COSTA RICA) |9 13851 | ||
| 942 | |c TFG | ||
| 999 | |c 20760 |d 20760 | ||
